Compilación de material recopilado en el marco de la línea recuperación de la historia local, del programa Recuperación de Barrios en Placilla de Peñuelas

Shranjeno v:
Bibliografske podrobnosti
Format: Knjiga
Jezik:španščina
Izdano: Valparaíso Ilustre Municipalidad de Valparaíso 2002
Izdaja:1a. ed
Teme:
Oznake: Označite
Brez oznak, prvi označite!

MARC

LEADER 00000cam a2200000 a 4500
001 UCC1631
003 CL-VaPUC
008 171117e20020000cl |||||||||||||||||spa|d
082 0 4 |a 983.255  |b COM  |2 21 
245 1 0 |a Compilación de material recopilado en el marco de la línea recuperación de la historia local, del programa Recuperación de Barrios en Placilla de Peñuelas 
250 |a 1a. ed 
300 |a 106 p 
942 |c BK 
945 |d 20171117 16:06:00  |a dcastane 
260 |a Valparaíso  |b Ilustre Municipalidad de Valparaíso  |c 2002 
650 0 |a Historia de Valparaíso  |9 460237 
650 0 |a Historia de ciudades   |9 445863 
650 0 |a Vida social y costumbres  |9 258725 
651 7 |a PLACILLA  |2 CL-VaPUC  |9 315382 
583 |a last modification  |c 20171117 16:06:00  |k Rodrigo Vera 
999 |c 370042  |d 370040 
952 |0 0  |1 0  |3 erd  |4 0  |6 983_255000000000000_COM_2002  |7 0  |8 C  |9 486319  |a BIBCUR  |b BIBCUR  |i 543596K  |o 983.255 COM 2002  |p 543596K  |r 2025-04-22  |w 2019-11-24  |y BK  |z Catalogado en:20171117  |k CAC 
952 |0 0  |1 0  |3 erd  |4 0  |6 983_255000000000000_COM_2002  |7 0  |8 C  |9 486320  |a BIBCUR  |b BIBCUR  |i 5435951  |o 983.255 COM 2002  |p 5435951  |r 2025-04-22  |w 2019-11-24  |y BK  |z Catalogado en:20171117  |k CAC 
952 |0 0  |1 0  |3 erd  |4 0  |6 983_255000000000000_COM_2002  |7 0  |8 C  |9 486321  |a BIBCUR  |b BIBCUR  |i 5435943  |o 983.255 COM 2002  |p 5435943  |r 2025-04-22  |w 2019-11-24  |y BK  |z Catalogado en:20171117  |k CAC 
952 |0 0  |1 0  |3 erd  |4 0  |6 983_255000000000000_COM_2002  |7 0  |8 C  |9 486322  |a BIBCUR  |b BIBCUR  |i 5435935  |o 983.255 COM 2002  |p 5435935  |r 2025-04-22  |w 2019-11-24  |y BK  |z Catalogado en:20171117  |k CAC